[Event "27.Bayer.Senioren-EM2015"]
[Site "?"]
[Date "2015.06.15"]
[Round "3.27"]
[White "Bilyavskyy, Borys"]
[Black "Laber, Dietrich"]
[Result "1-0"]
[WhiteElo "1807"]
[BlackElo "1561"]
[PlyCount "95"]
[EventDate "2015.??.??"]
[WhiteTeam "FC Ergolding"]
[BlackTeam "SF Steinsfurt"]

1. e4 e5 2. Nc3 c6 3. Nf3 d6 4. d4 Qc7 5. h3 g6 6. Be3 Bg7 7. Qd2 Nd7 8. Bc4
Ne7 9. Bb3 d5 10. exd5 cxd5 11. Nxd5 Nxd5 12. Bxd5 exd4 13. Bxd4 Bxd4 14. Qxd4
O-O 15. O-O-O Nb6 16. Bb3 Bf5 17. Qd6 Rac8 18. Qxc7 Rxc7 19. Nd4 Rc5 20. g4 Be4
21. f3 Bd5 22. Bxd5 Rxd5 23. Rhe1 Rfd8 24. c3 a6 25. f4 Nc4 26. Re7 R8d7 27.
Rde1 Nb6 28. Rxd7 Nxd7 29. Kc2 Kf8 30. a4 Nc5 31. b3 Rd6 32. a5 Nd7 33. f5 Rd5
34. b4 Ne5 35. Kb3 Nd3 36. Re3 Nf4 37. Kc4 Rd6 38. b5 axb5+ 39. Kxb5 Rd5+ 40.
Kb6 Rd7 41. Rf3 Nd5+ 42. Kc5 Kg7 43. c4 Nf6 44. Re3 Rc7+ 45. Kb4 Rd7 46. Nb3
Rd1 47. Nc5 Rb1+ 48. Rb3 1-0

[Event "27.Bayer.Senioren-EM2015"]
[Site "?"]
[Date "2015.06.15"]
[Round "3.28"]
[White "Wraga, Hermann"]
[Black "Gerhards, Walter"]
[Result "0-1"]
[WhiteElo "1445"]
[BlackElo "1756"]
[PlyCount "62"]
[EventDate "2015.??.??"]
[WhiteTeam "SG Osnabrück"]
[BlackTeam "Ratinger SK"]

1. e4 e6 2. d3 d5 3. Nd2 c5 4. Ngf3 Nc6 5. g3 Nf6 6. Bg2 Be7 7. O-O O-O 8. Re1
dxe4 9. dxe4 e5 10. c3 Bg4 11. Qc2 h6 12. Nc4 Qc7 13. Ne3 Be6 14. Bf1 Rfd8 15.
Bc4 Bxc4 16. Nxc4 b5 17. Ne3 g6 18. Bd2 c4 19. Red1 Rd3 20. Ne1 Rd7 21. Kg2 Bc5
22. h3 Rad8 23. Kf1 Kg7 24. Ke2 Nh5 25. Nd5 Qd6 26. Nb4 Qe6 27. Nxc6 Qxc6 28.
Nf3 Rd3 29. Bxh6+ Kxh6 30. Qc1+ Kg7 31. Nd2 Qd7 0-1

[Event "27.Bayer.Senioren-EM2015"]
[Site "?"]
[Date "2015.06.15"]
[Round "3.29"]
[White "Thieme, Wolfgang"]
[Black "Schiessl, Hanns"]
[Result "0-1"]
[WhiteElo "1755"]
[BlackElo "1423"]
[PlyCount "90"]
[EventDate "2015.??.??"]
[WhiteTeam "SC Bayer Uerdingen"]
[BlackTeam "FVS ASP Hoyerswerda"]

1. e4 c6 2. Nc3 d5 3. Nf3 Bg4 4. d4 e6 5. Bd3 Be7 6. O-O dxe4 7. Nxe4 Bxf3 8.
Qxf3 Qxd4 9. Be3 Qd5 10. Rfd1 Nf6 11. c4 Qa5 12. Ng3 Nbd7 13. Bd2 Qc7 14. Qe2
Bd6 15. b4 h5 16. Rac1 h4 17. Nf1 Ne5 18. c5 Nxd3 19. Qxd3 Be5 20. Bc3 Nd5 21.
Bxe5 Qxe5 22. Re1 Qg5 23. Qf3 Nxb4 24. Rb1 Qxc5 25. a3 Nd5 26. Rxb7 O-O 27. Qg4
Qc3 28. Reb1 Qxa3 29. Qxh4 Qd6 30. R1b3 Nf4 31. Qg4 Rab8 32. Ne3 Rxb7 33. Rxb7
Rb8 34. Rxb8+ Qxb8 35. h3 Qe5 36. Qf3 Nd5 37. Nf1 a5 38. Qa3 Qc3 39. Qd6 Kh7
40. Ng3 a4 41. Qd8 Nf6 42. Qf8 a3 43. Qxf7 a2 44. Nh5 a1=Q+ 45. Kh2 Qe5+ 0-1

[Event "27.Bayer.Senioren-EM2015"]
[Site "?"]
[Date "2015.06.15"]
[Round "3.30"]
[White "Walther, Renate"]
[Black "Willin, Bernhard"]
[Result "0-1"]
[WhiteElo "837"]
[BlackElo "1691"]
[PlyCount "68"]
[EventDate "2015.??.??"]
[WhiteTeam "SK Herzogenaurach"]
[BlackTeam "SC Horben"]

1. e4 c6 2. Nf3 d5 3. Nc3 Bg4 4. h3 Bh5 5. d3 e6 6. Be2 Nd7 7. Bf4 Ngf6 8. e5
Ng8 9. d4 Be7 10. Qd2 a6 11. a3 h6 12. g4 Bg6 13. Bd3 Bxd3 14. Qxd3 c5 15. Be3
Qc7 16. dxc5 Bxc5 17. Bf4 Ne7 18. Qe2 b5 19. b4 Bxf2+ 20. Kxf2 Qxc3 21. Qd3 Rc8
22. Qxc3 Rxc3 23. Rhc1 Nb6 24. Bd2 Rc7 25. Be3 Na4 26. Bd2 Kd7 27. Nd4 Rhc8 28.
Ra2 Ng6 29. c3 Nxc3 30. Rac2 Ne4+ 31. Ke3 Rxc2 32. Rxc2 Rxc2 33. Nxc2 Nxe5 34.
Bc3 Nc4+ 0-1

[Event "27.Bayer.Senioren-EM2015"]
[Site "?"]
[Date "2015.06.15"]
[Round "3.31"]
[White "Abel, Hans-Peter"]
[Black "Alefs, Heinz"]
[Result "1-0"]
[WhiteElo "1795"]
[BlackElo "1567"]
[PlyCount "103"]
[EventDate "2015.??.??"]
[WhiteTeam "SC Leinfelden"]
[BlackTeam "SC Eichenau"]

1. d4 f5 2. g3 Nf6 3. Bg2 g6 4. c4 Bg7 5. e3 O-O 6. Ne2 d6 7. Qc2 e5 8. dxe5
dxe5 9. O-O c6 10. Nd2 Na6 11. a3 e4 12. Rd1 Qe8 13. c5 Nc7 14. Nd4 Ncd5 15.
Nc4 g5 16. Nd6 Qh5 17. h3 Qg6 18. Nxc8 Raxc8 19. Ne6 Rf7 20. Nxg7 Qxg7 21. b4
Qh6 22. Bb2 Nh5 23. Qd2 Rd7 24. Qd4 Rcd8 25. Qc4 Kf8 26. Qe2 Qg6 27. Rd4 Ng7
28. Rc4 Ne6 29. Be5 h5 30. g4 hxg4 31. hxg4 Rh7 32. gxf5 Qxf5 33. Bd6+ Ke8 34.
Bxe4 Qf6 35. Bxh7 Qxa1+ 36. Kg2 Qg7 37. Qh5+ Kd7 38. Bf5 Rh8 39. Qg4 Qh6 40.
Bxe6+ Qxe6 41. Re4 Qxg4+ 42. Rxg4 Rg8 43. Re4 Rg7 44. Rd4 Ke6 45. Bg3 Rd7 46.
Bd6 Rf7 47. Kg3 Nf6 48. f3 Nd5 49. Rd3 Kd7 50. Kg4 Ke6 51. e4 Nf4 52. Bxf4 1-0

[Event "27.Bayer.Senioren-EM2015"]
[Site "?"]
[Date "2015.06.15"]
[Round "3.32"]
[White "Flockerzi, Armin"]
[Black "Zerweck, Christoph"]
[Result "1-0"]
[WhiteElo "1605"]
[BlackElo "1779"]
[PlyCount "39"]
[EventDate "2015.??.??"]
[WhiteTeam "VfR-SC Koblenz"]
[BlackTeam "SV Herrenberg"]

1. Nf3 Nf6 2. d4 d5 3. g3 e6 4. Bg2 c5 5. c3 Nc6 6. O-O cxd4 7. cxd4 Bd6 8. a3
O-O 9. Nc3 a6 10. Re1 b5 11. b4 Bd7 12. Bg5 Be7 13. Ne5 Nxe5 14. dxe5 Ne8 15.
Bxe7 Qxe7 16. Qd4 g6 17. e4 dxe4 18. Nxe4 Bc6 19. Nf6+ Nxf6 20. Bxc6 1-0

[Event "27.Bayer.Senioren-EM2015"]
[Site "?"]
[Date "2015.06.15"]
[Round "3.33"]
[White "Sandner, Josef"]
[Black "Baumgartner, Andreas"]
[Result "0-1"]
[WhiteElo "1507"]
[BlackElo "1677"]
[PlyCount "112"]
[EventDate "2015.??.??"]
[WhiteTeam "SG Traunstein/Traunreut"]
[BlackTeam "ASV J'Adoube Grassau"]

1. d4 d5 2. e3 Nf6 3. f4 e6 4. Bd3 c5 5. c3 Nc6 6. Nf3 Be7 7. O-O O-O 8. Bd2
Ne4 9. Be1 f5 10. Nbd2 Qe8 11. Ne5 Nxe5 12. fxe5 g5 13. Be2 g4 14. g3 Bd7 15.
Nxe4 dxe4 16. c4 Bg5 17. Bd2 b6 18. b3 Bc6 19. Bc1 Rd8 20. Qe1 cxd4 21. exd4
Bxc1 22. Rxc1 Rxd4 23. Qc3 Rd8 24. Rcd1 Qe7 25. Rxd8 Rxd8 26. Rd1 Qc5+ 27. Kf1
Rxd1+ 28. Bxd1 b5 29. Be2 bxc4 30. Qc1 Qxe5 31. Qg5+ Qg7 32. Qd8+ Qf8 33. Qg5+
Kh8 34. Bxc4 Bd5 35. Be2 h6 36. Qf4 Qg7 37. Qb8+ Kh7 38. Qf4 e3 39. Qxe3 Qa1+
40. Kf2 Qxa2 41. Qd3 Qxb3 42. Qd4 Qb6 43. Ke3 Qxd4+ 44. Kxd4 Kg6 45. Ke5 Kg5
46. Bd3 Bb3 47. Be2 h5 48. Bd3 a5 49. Kd4 f4 50. Kc3 Bd5 51. Bb5 fxg3 52. hxg3
h4 53. gxh4+ Kxh4 54. Kd2 g3 55. Ke1 Kh3 56. Kf1 Kh2 0-1

[Event "27.Bayer.Senioren-EM2015"]
[Site "?"]
[Date "2015.06.15"]
[Round "3.34"]
[White "Kolkwitz, Klaus"]
[Black "Wraga, Teresa"]
[Result "1/2-1/2"]
[WhiteElo "1670"]
[BlackElo "1424"]
[PlyCount "36"]
[EventDate "2015.??.??"]
[WhiteTeam "ESV Eberswalde"]
[BlackTeam "SG Osnabrück"]

1. d4 Nf6 2. Nf3 g6 3. Bf4 d6 4. e3 Bg7 5. Be2 O-O 6. O-O Nh5 7. c3 Nxf4 8.
exf4 Nd7 9. Nbd2 e6 10. Re1 Nf6 11. Bd3 b6 12. Ng5 h6 13. Nge4 Bb7 14. Nxf6+
Bxf6 15. Qg4 Bg7 16. Re3 c5 17. dxc5 dxc5 18. Rd1 h5 1/2-1/2

[Event "27.Bayer.Senioren-EM2015"]
[Site "?"]
[Date "2015.06.15"]
[Round "3.35"]
[White "Steffl, Herbert"]
[Black "Walch, Roger"]
[Result "0-1"]
[WhiteElo "1539"]
[BlackElo "1666"]
[PlyCount "90"]
[EventDate "2015.??.??"]
[WhiteTeam "ASV J'Adoube Grassau"]
[BlackTeam "SW Nürnberg Süd"]

1. d4 Nf6 2. Nf3 c5 3. e3 e6 4. Bd3 g6 5. O-O cxd4 6. exd4 Bg7 7. b3 O-O 8. Bb2
d5 9. Nbd2 Nc6 10. a3 Qb6 11. c4 Qc7 12. Ne5 Rd8 13. Ndf3 Nd7 14. Nxc6 bxc6 15.
Qc2 Rb8 16. Rfe1 Qb6 17. b4 Ba6 18. c5 Bxd3 19. Qxd3 Qc7 20. Bc3 Nf6 21. Ne5
Ne4 22. Rxe4 dxe4 23. Qxe4 Rd5 24. Nc4 Rbd8 25. Nd6 Bf8 26. Rd1 Bxd6 27. cxd6
Qxd6 28. h4 a5 29. Rd3 axb4 30. axb4 Qb8 31. Qg4 c5 32. bxc5 Qb1+ 33. Rd1 Qc2
34. Ba5 Ra8 35. Bb6 Ra2 36. Rf1 Ra4 37. Rd1 Rf5 38. f4 Rd5 39. Bc7 Raxd4 40.
Rxd4 Rxd4 41. Be5 Rd1+ 42. Kh2 Qb1 43. Qg5 Rh1+ 44. Kg3 Qe1+ 45. Kf3 Rf1+ 0-1

[Event "27.Bayer.Senioren-EM2015"]
[Site "?"]
[Date "2015.06.15"]
[Round "3.36"]
[White "Rudek, Gerald"]
[Black "Mahrla, Hans"]
[Result "0-1"]
[WhiteElo "1453"]
[BlackElo "1647"]
[PlyCount "74"]
[EventDate "2015.??.??"]
[WhiteTeam "SC Feuchtwangen"]
[BlackTeam "SC Eichenau"]

1. f4 Nf6 2. Nf3 e6 3. d3 d5 4. e3 c5 5. Be2 Nc6 6. c3 Bd6 7. O-O O-O 8. Qc2 b6
9. e4 dxe4 10. dxe4 e5 11. fxe5 Nxe5 12. Nxe5 Bxe5 13. Bf4 Qc7 14. Bxe5 Qxe5
15. Bf3 Bg4 16. Nd2 c4 17. Rad1 Rad8 18. Kh1 b5 19. h3 Bh5 20. Rf2 Rd3 21. Bxh5
Qxh5 22. Rf5 Qe2 23. Rf3 Rfd8 24. Rxd3 Rxd3 25. Qc1 Nxe4 26. Re1 Qxd2 27. Qxd2
Rxd2 28. Rxe4 Kf8 29. b3 cxb3 30. axb3 Rd3 31. Rb4 a6 32. c4 Rd4 33. Kg1 Ke7
34. Kf2 Kd6 35. Ke3 Kc5 36. g3 Rd7 37. Ke4 Kxb4 0-1

[Event "27.Bayer.Senioren-EM2015"]
[Site "?"]
[Date "2015.06.15"]
[Round "3.37"]
[White "Jehn, Detlef"]
[Black "Klimpel, Siegfried"]
[Result "0-1"]
[WhiteElo "1486"]
[BlackElo "1645"]
[PlyCount "54"]
[EventDate "2015.??.??"]
[WhiteTeam "SF Bad Reichenhall"]
[BlackTeam "TSV Kareth-Lappersdorf"]

1. e4 c5 2. Nc3 e6 3. Nf3 Nc6 4. Bb5 Nge7 5. d3 a6 6. Bxc6 Nxc6 7. O-O Be7 8.
Ne2 d5 9. Ng3 d4 10. e5 h5 11. Ne4 b6 12. Bg5 f6 13. exf6 gxf6 14. Bh4 e5 15.
Re1 Bg4 16. Ng3 Qd5 17. Ne4 Qe6 18. Ng3 O-O-O 19. Qe2 Rde8 20. Qe4 f5 21. Nxf5
Bxf5 22. Qxc6+ Qxc6 23. Nxe5 Qd5 24. Nc4 Bd8 25. Bxd8 Qxd8 26. Ne5 Rhg8 27. c3
Qd5 0-1

[Event "27.Bayer.Senioren-EM2015"]
[Site "?"]
[Date "2015.06.15"]
[Round "3.38"]
[White "Schoenfelder, Heinrich"]
[Black "Aufmwasser, Guenter"]
[Result "1-0"]
[WhiteElo "1643"]
[BlackElo "1494"]
[PlyCount "101"]
[EventDate "2015.??.??"]
[WhiteTeam "SC Tarrasch München"]
[BlackTeam "SV Hilden"]

1. d4 f5 2. e4 fxe4 3. Nc3 Nf6 4. Bg5 Nc6 5. Bxf6 exf6 6. d5 Ne5 7. Nxe4 d6 8.
Nc3 Be7 9. Be2 Bf5 10. Nf3 Nxf3+ 11. Bxf3 Qd7 12. Bh5+ g6 13. Be2 g5 14. Bb5 c6
15. dxc6 bxc6 16. Ba4 Qe6+ 17. Ne2 d5 18. O-O Qc8 19. Qxd5 Bd7 20. Qc4 c5 21.
Bxd7+ Qxd7 22. Rad1 Qb7 23. b3 Rd8 24. Qa4+ Kf8 25. Rxd8+ Bxd8 26. Rd1 Ke7 27.
Ng3 Qc8 28. Qxa7+ Qc7 29. Qxc7+ Bxc7 30. Rd5 Rd8 31. Rxd8 Bxd8 32. Kf1 Ke6 33.
Ke2 f5 34. Kd3 Bc7 35. Nf1 Bb8 36. a4 h6 37. f3 Kd5 38. Ne3+ Ke5 39. Nc4+ Ke6
40. h3 Bc7 41. c3 h5 42. a5 Kd5 43. Ne3+ Ke5 44. a6 Bb8 45. Kc4 Kf4 46. Nf1 g4
47. fxg4 hxg4 48. hxg4 fxg4 49. Kxc5 Ba7+ 50. Kc6 Bg1 51. Kb7 1-0

[Event "27.Bayer.Senioren-EM2015"]
[Site "?"]
[Date "2015.06.15"]
[Round "3.39"]
[White "Huetter, Heinz"]
[Black "Oser, Thor"]
[Result "1/2-1/2"]
[WhiteElo "1447"]
[BlackElo "1638"]
[PlyCount "29"]
[EventDate "2015.??.??"]
[WhiteTeam "SC Eichenau"]
[BlackTeam "SK Jöhlingen"]

1. d4 d5 2. Nc3 c6 3. a3 Nf6 4. Nf3 h6 5. h3 g5 6. g4 e6 7. Ne5 Nbd7 8. Nxd7
Nxd7 9. b4 a6 10. e3 Bg7 11. Bd2 e5 12. Ne2 e4 13. c3 Nf6 14. Ng3 Be6 15. Bg2
1/2-1/2

[Event "27.Bayer.Senioren-EM2015"]
[Site "?"]
[Date "2015.06.15"]
[Round "3.40"]
[White "Schuster, Herbert"]
[Black "Schallock, Helmut"]
[Result "1-0"]
[WhiteElo "1624"]
[BlackElo "1352"]
[PlyCount "117"]
[EventDate "2015.??.??"]
[WhiteTeam "SK Landshut"]
[BlackTeam "SC Noris-Tarrasch Nürnberg"]

1. d4 d5 2. Nf3 Nf6 3. h3 h6 4. Bf4 Nc6 5. e3 e6 6. c3 a6 7. Nbd2 b5 8. Bd3 Bb7
9. a3 Bd6 10. O-O O-O 11. Rc1 Re8 12. Bb1 e5 13. dxe5 Nxe5 14. Nxe5 Bxe5 15.
Bxe5 Rxe5 16. Nf3 Rh5 17. Nd4 c5 18. Ne2 Re5 19. Ng3 Qd7 20. Qd2 Rae8 21. Rce1
Qe6 22. Qc2 d4 23. cxd4 cxd4 24. Nf5 Be4 25. Nxd4 Qd5 26. Qb3 Bxg2 27. Qxd5
Bxd5 28. Kh2 g6 29. Rg1 Rg5 30. Rxg5 hxg5 31. Rc1 g4 32. Rc5 gxh3 33. Kxh3 Kg7
34. Kg3 Ne4+ 35. Bxe4 Bxe4 36. f3 Ba8 37. e4 Rd8 38. Nc2 Rd3 39. Kf4 Rb3 40.
Rc8 Bb7 41. Rc7 Rxb2 42. Nd4 b4 43. axb4 Rxb4 44. Ne6+ Kg8 45. Nd8 Bd5 46. Ke5
Bb3 47. Ra7 Rb5+ 48. Kf4 a5 49. Nc6 a4 50. e5 Kg7 51. Nd4 Rb4 52. Ke3 Rb6 53.
f4 Kf8 54. f5 gxf5 55. Nxf5 Rb8 56. Kd4 Rb4+ 57. Kc5 Rc4+ 58. Kd6 Rf4 59. Ra8#
1-0

[Event "27.Bayer.Senioren-EM2015"]
[Site "?"]
[Date "2015.06.15"]
[Round "3.41"]
[White "Jagdhuber, Hans"]
[Black "Braeu, Ludwig"]
[Result "1-0"]
[WhiteElo "1906"]
[BlackElo "1733"]
[PlyCount "35"]
[EventDate "2015.??.??"]
[WhiteTeam "SK Keres-Augsburg"]
[BlackTeam "SK Marktoberdorf"]

1. c4 g6 2. g3 Bg7 3. Bg2 c5 4. Nc3 Nc6 5. Nf3 e6 6. d4 Nxd4 7. Nxd4 cxd4 8.
Nb5 Qb6 9. e3 d5 10. Nxd4 dxc4 11. O-O Bd7 12. b3 Ne7 13. Ba3 Nc6 14. bxc4
O-O-O 15. Rb1 Qa6 16. Nb5 Na5 17. Nd6+ Kb8 18. Nxb7 1-0

[Event "27.Bayer.Senioren-EM2015"]
[Site "?"]
[Date "2015.06.15"]
[Round "3.42"]
[White "Wilfert, Eva-Maria"]
[Black "Lubberich, Alfred"]
[Result "1/2-1/2"]
[WhiteElo "1389"]
[BlackElo "1616"]
[PlyCount "36"]
[EventDate "2015.??.??"]
[WhiteTeam "PTSV SK Hof"]
[BlackTeam "SG Nettetal"]

1. e4 c5 2. Nf3 d6 3. d4 cxd4 4. Nxd4 Nf6 5. Nc3 a6 6. Bd3 Nc6 7. Nb3 Bd7 8.
O-O e6 9. Be3 Be7 10. a3 Ne5 11. Be2 O-O 12. f4 Ng6 13. Qd2 Bc6 14. Bf3 Qc7 15.
Nd4 Bd7 16. Nce2 Rad8 17. Rad1 Ne8 18. g3 Bf6 1/2-1/2

[Event "27.Bayer.Senioren-EM2015"]
[Site "?"]
[Date "2015.06.15"]
[Round "3.43"]
[White "Riegler, Markus"]
[Black "Rosmann, Armin"]
[Result "1-0"]
[WhiteElo "1609"]
[BlackElo "1403"]
[PlyCount "81"]
[EventDate "2015.??.??"]
[WhiteTeam "SK Mannheim-Lindenhof"]
[BlackTeam "TSV Ebermannstadt"]

1. c4 e5 2. Nc3 Nf6 3. g3 Bc5 4. Bg2 c6 5. a3 a5 6. Na4 Bxf2+ 7. Kxf2 Ng4+ 8.
Ke1 Qf6 9. Nh3 d6 10. Nb6 Be6 11. Nxa8 Bxc4 12. d3 Be6 13. Nc7+ Kd7 14. Nxe6
fxe6 15. Bg5 Qf7 16. Bf3 h5 17. Ng1 Qg6 18. Qd2 Na6 19. h3 Nf6 20. e4 Nc5 21.
Rd1 Nb3 22. Qe3 Nd4 23. Rd2 Ne8 24. h4 Nc7 25. Bd1 Rf8 26. Rf2 Re8 27. Ne2 c5
28. Nxd4 cxd4 29. Qd2 d5 30. Kf1 dxe4 31. dxe4 Qxe4 32. Bf3 Qb1+ 33. Kg2 Qa2
34. Bxb7 Nd5 35. Rf7+ Kd6 36. Rc1 Ne7 37. Bxe7+ Rxe7 38. Rxe7 Kxe7 39. Qg5+ Kd7
40. Qxg7+ Kd6 41. Qc7# 1-0

[Event "27.Bayer.Senioren-EM2015"]
[Site "?"]
[Date "2015.06.15"]
[Round "3.44"]
[White "Jurgan, Brigitte"]
[Black "Malik, Heinz"]
[Result "0-1"]
[WhiteElo "1236"]
[BlackElo "1609"]
[PlyCount "50"]
[EventDate "2015.??.??"]
[WhiteTeam "ASV J'Adoube Grassau"]
[BlackTeam "SK Großweil"]

1. d4 Nf6 2. Nf3 e6 3. Bg5 b6 4. g3 Bb7 5. Bg2 Be7 6. Bxf6 Bxf6 7. O-O O-O 8.
c3 d5 9. Nbd2 Nd7 10. Re1 c5 11. e3 b5 12. a3 Re8 13. Nb3 c4 14. Nbd2 a5 15. e4
dxe4 16. Nxe4 Be7 17. Ned2 Qc7 18. Ne5 Nxe5 19. Rxe5 Bxg2 20. Kxg2 Red8 21. Qf3
Bd6 22. Re2 Qc8 23. Ne4 Be7 24. Rd1 Rd5 25. Nf6+ Bxf6 0-1

[Event "27.Bayer.Senioren-EM2015"]
[Site "?"]
[Date "2015.06.15"]
[Round "3.45"]
[White "Hartlaub, Marianne"]
[Black "Harke, Horst"]
[Result "0-1"]
[WhiteElo "1367"]
[BlackElo "1664"]
[PlyCount "102"]
[EventDate "2015.??.??"]
[WhiteTeam "SK Klingenberg"]
[BlackTeam "SK Varel"]

1. Nf3 Nf6 2. c4 c6 3. g3 e6 4. Bg2 d5 5. cxd5 exd5 6. O-O Be7 7. b3 O-O 8. d3
h6 9. Nbd2 Bf5 10. Bb2 Nbd7 11. a3 Qc7 12. Rc1 Rad8 13. b4 a6 14. Nd4 Bg6 15.
N2f3 Ne5 16. Rc2 Nxf3+ 17. Nxf3 Bd6 18. Qa1 Ne8 19. Rfc1 f6 20. Nd4 Qe7 21. Bh3
Nc7 22. Re1 Be5 23. Nf5 Bxf5 24. Bxf5 Bxb2 25. Qxb2 Qe5 26. Bh3 Qxb2 27. Rxb2
Rfe8 28. e3 Nb5 29. a4 Nd6 30. Bg2 f5 31. b5 axb5 32. axb5 Nxb5 33. Bf1 Nd6 34.
Reb1 Re7 35. Bh3 g6 36. Bf1 Kg7 37. h4 Kf6 38. Kg2 Ra8 39. Kf3 Ra7 40. Bh3 g5
41. hxg5+ hxg5 42. g4 Rh7 43. Kg2 fxg4 44. Bxg4 Ra4 45. Rb4 Ra5 46. Rd1 Rh8 47.
Kf3 Rc5 48. e4 dxe4+ 49. dxe4 Ke5 50. Kg2 Nc4 51. f3 Ne3+ 0-1

[Event "27.Bayer.Senioren-EM2015"]
[Site "?"]
[Date "2015.06.15"]
[Round "3.46"]
[White "Garms, Ilse"]
[Black "Braeu, Emmi"]
[Result "1-0"]
[WhiteElo "1553"]
[BlackElo "1321"]
[PlyCount "99"]
[EventDate "2015.??.??"]
[WhiteTeam "ESV Eberswalde"]
[BlackTeam "SK Marktoberdorf"]

1. d4 c5 2. e3 Nf6 3. Nf3 g6 4. c3 Qb6 5. Nbd2 d5 6. dxc5 Qxc5 7. Nb3 Qc7 8.
Be2 Bg7 9. O-O O-O 10. h3 h6 11. Nfd4 a6 12. Bf3 e5 13. Nc2 Rd8 14. Bd2 Be6 15.
Be2 Nc6 16. Rc1 Qb6 17. Qe1 Ne4 18. Rb1 Nxd2 19. Nxd2 Qc7 20. a3 Bf5 21. Rc1
Qd6 22. c4 d4 23. exd4 exd4 24. Bf3 d3 25. Ne3 Nd4 26. Qd1 Nxf3+ 27. gxf3 Bxh3
28. c5 Qf4 29. Re1 Be5 30. Ng4 Bxg4 31. Rxe5 Bxf3 32. Nxf3 Qg4+ 33. Kh1 Qf4 34.
Rc3 d2 35. Rce3 Qc4 36. Nxd2 Qh4+ 37. Kg2 Rd4 38. Qe2 Rg4+ 39. Rg3 Rxg3+ 40.
fxg3 Qd4 41. Nf3 Qa4 42. Re7 Rc8 43. Re4 Qc6 44. b4 Qd5 45. Re8+ Rxe8 46. Qxe8+
Kg7 47. Qe5+ Qxe5 48. Nxe5 f6 49. c6 bxc6 50. Nxc6 1-0

[Event "27.Bayer.Senioren-EM2015"]
[Site "?"]
[Date "2015.06.15"]
[Round "3.47"]
[White "Ewald, Frithjof"]
[Black "Otto, Klaus"]
[Result "0-1"]
[WhiteElo "1319"]
[BlackElo "1550"]
[PlyCount "138"]
[EventDate "2015.??.??"]
[WhiteTeam "ASV J'Adoube Grassau"]
[BlackTeam "SV Triebes"]

1. d4 Nf6 2. Nf3 d5 3. e3 e6 4. c4 c5 5. b3 Nc6 6. Bb2 dxc4 7. Bxc4 cxd4 8.
exd4 Be7 9. O-O O-O 10. Nc3 a6 11. Ne2 b5 12. Bd3 Bb7 13. a3 Nd5 14. Re1 Bf6
15. Qc2 g6 16. Be4 Rc8 17. Qd2 Na5 18. Qd3 Qd7 19. Ne5 Qd8 20. Rac1 Nc6 21. Nf3
Bg7 22. Qd2 Nf6 23. Bb1 Ng4 24. Qg5 Qxg5 25. Nxg5 Rfd8 26. h3 Nf6 27. Rcd1 Na5
28. Rd3 h6 29. Nf3 Bd5 30. Nc1 Be4 31. Red1 Bxd3 32. Bxd3 Nd5 33. Ne2 Nxb3 34.
a4 bxa4 35. Bxa6 Rc2 36. Ba3 Nc3 37. Nxc3 Rxc3 38. Bb2 Rc2 39. Rb1 Nd2 40. Nxd2
Rxd2 41. Bb5 Ra8 42. Bc3 Rc2 43. Ba1 a3 44. Bd3 Rc7 45. Kh2 Rac8 46. Ba6 Rd8
47. Rb3 Rc1 48. Rxa3 Bxd4 49. Bxd4 Rxd4 50. Bb7 Rd2 51. Rf3 Rcc2 52. Kg3 h5 53.
h4 Rd4 54. Kh3 Rcd2 55. Bc6 R4d3 56. Kg3 Rxf3+ 57. Kxf3 Rd4 58. g3 f5 59. Kg2
Kg7 60. Bf3 e5 61. Bb7 e4 62. Ba6 Rd2 63. Kf1 Kf6 64. Bc4 Ke5 65. Bf7 Rd6 66.
Be8 f4 67. Kg2 fxg3 68. Kxg3 Rf6 69. Kg2 Rf4 0-1

[Event "27.Bayer.Senioren-EM2015"]
[Site "?"]
[Date "2015.06.15"]
[Round "3.48"]
[White "Malik, Rosemarie"]
[Black "Stephan, Hubert"]
[Result "0-1"]
[WhiteElo "1285"]
[BlackElo "1527"]
[PlyCount "80"]
[EventDate "2015.??.??"]
[WhiteTeam "SK Großweil"]
[BlackTeam "SC Prien"]

1. e4 e5 2. Nf3 Nc6 3. Bb5 Bc5 4. O-O d6 5. Bxc6+ bxc6 6. d3 Ne7 7. Nbd2 O-O 8.
b3 Bb6 9. Bb2 c5 10. h3 Ng6 11. Nc4 f5 12. exf5 Bxf5 13. Ne3 Be6 14. Bc1 Nf4
15. Ng4 Bd5 16. Bxf4 Rxf4 17. Ngh2 Qf6 18. c4 Bb7 19. Qd2 Qg6 20. Rfe1 Bxf3 21.
Nxf3 Rxf3 22. Kh2 Rxd3 23. Qb2 Ba5 24. Red1 Rxd1 25. Rxd1 Rf8 26. f3 Qf6 27.
Qc1 Qf4+ 28. Qxf4 Rxf4 29. Kg3 Rd4 30. Rxd4 cxd4 31. Kf2 Bb4 32. Ke2 Kf7 33.
Kd3 g5 34. Ke4 Ke6 35. a4 c6 36. g3 d5+ 37. cxd5+ cxd5+ 38. Kd3 Kf5 39. f4 gxf4
40. gxf4 Kxf4 0-1

[Event "27.Bayer.Senioren-EM2015"]
[Site "?"]
[Date "2015.06.15"]
[Round "3.49"]
[White "Schwarzmeier, Christine"]
[Black "Peiberg, Ehrhard"]
[Result "0-1"]
[WhiteElo "868"]
[BlackElo "1469"]
[PlyCount "72"]
[EventDate "2015.??.??"]
[WhiteTeam "TV Riedenburg"]
[BlackTeam "SC Erlangen"]

1. e4 g6 2. g3 Bg7 3. Bg2 Nc6 4. d3 d6 5. Nc3 Nf6 6. Nge2 O-O 7. O-O e5 8. Bg5
h6 9. Bxf6 Bxf6 10. Nd5 Bg7 11. f4 exf4 12. Nexf4 Bxb2 13. Rb1 Bg7 14. h3 Rb8
15. Qd2 Nd4 16. c3 Ne6 17. h4 c6 18. Nb4 Nxf4 19. Rxf4 Kh7 20. Rbf1 Be6 21. a3
Qd7 22. d4 a5 23. Nc2 h5 24. Kh2 Bh6 25. d5 cxd5 26. exd5 Bg4 27. Rxf7+ Rxf7
28. Rxf7+ Qxf7 29. Qe1 Re8 30. Qf1 Qxf1 31. Bxf1 Bg7 32. c4 Bf5 33. c5 dxc5 34.
d6 Bxc2 35. d7 Rd8 36. Bb5 Bf5 0-1

[Event "27.Bayer.Senioren-EM2015"]
[Site "?"]
[Date "2015.06.15"]
[Round "3.50"]
[White "Conitz, Helmut"]
[Black "Schubert, Juergen"]
[Result "1-0"]
[WhiteElo "1343"]
[BlackElo "1124"]
[PlyCount "75"]
[EventDate "2015.??.??"]
[WhiteTeam "SF Witzlasreuth"]
[BlackTeam "Münchener SC"]

1. e4 e5 2. Nf3 Nf6 3. d3 Nc6 4. c3 d6 5. h3 h6 6. Be2 Be7 7. O-O O-O 8. Nh2
Be6 9. f4 Nh7 10. f5 Bd7 11. Be3 Bg5 12. Qd2 Bxe3+ 13. Qxe3 f6 14. Nd2 b5 15.
Rf3 Ng5 16. Rg3 Be8 17. h4 Nf7 18. Bh5 Kh7 19. Bg6+ Kh8 20. Qf3 Ne7 21. Qg4 Rg8
22. Qh5 Nxg6 23. fxg6 Qd7 24. gxf7 Bxf7 25. Qe2 c6 26. b3 d5 27. Rd1 Be6 28.
Ndf3 Raf8 29. h5 Bf7 30. Nh4 Kh7 31. Ng6 Re8 32. Ng4 a6 33. Rf1 Re6 34. Qf3 Qd6
35. Qf5 Bxg6 36. Qxg6+ Kh8 37. Nxh6 gxh6 38. Qxg8# 1-0

[Event "27.Bayer.Senioren-EM2015"]
[Site "?"]
[Date "2015.06.15"]
[Round "4.1"]
[White "Urytskyy, Arkadiy"]
[Black "Kurka, Dieter"]
[Result "1/2-1/2"]
[WhiteElo "2078"]
[BlackElo "1931"]
[PlyCount "109"]
[EventDate "2015.??.??"]
[WhiteTeam "TSV Bindlach"]
[BlackTeam "Kölner SK Dr. Lasker"]

1. Nf3 c5 2. c4 Nf6 3. Nc3 d6 4. d4 cxd4 5. Nxd4 a6 6. e4 Nbd7 7. Be2 e6 8. O-O
Qc7 9. Be3 b6 10. Rc1 Bb7 11. f3 Rc8 12. Qd2 Qb8 13. Rfd1 Be7 14. Bf2 O-O 15.
Bg3 Nh5 16. Bf2 Nhf6 17. Na4 Bd8 18. Nb3 Bc7 19. Bg3 Nc5 20. Nbxc5 dxc5 21.
Bxc7 Qxc7 22. Qd6 Bc6 23. Qxc7 Rxc7 24. Nc3 Rd7 25. e5 Rxd1+ 26. Rxd1 Nd7 27.
f4 Rc8 28. Kf2 Kf8 29. Bf3 Ke7 30. Bxc6 Rxc6 31. Ne4 f6 32. exf6+ gxf6 33. Rd3
f5 34. Ng5 h6 35. Nf3 Rd6 36. Rxd6 Kxd6 37. Ke3 b5 38. cxb5 axb5 39. h3 h5 40.
b3 b4 41. g3 Nf6 42. Ne5 Nd5+ 43. Kf3 Nc3 44. Nc4+ Kd5 45. a4 bxa3 46. Nxa3 Ne4
47. Nc4 Kd4 48. g4 hxg4+ 49. hxg4 fxg4+ 50. Kxg4 Kc3 51. Na5 Nd2 52. f5 exf5+
53. Kxf5 Nxb3 54. Nb7 Nd4+ 55. Ke4 1/2-1/2